[Event "Oberpfalz-ch M3"]
[Site "Bad Koetzting"]
[Date "2018.03.25"]
[Round "4"]
[White "Blodig, Samuel"]
[Black "Klinkhammer, Christopher"]
[Result "1/2-1/2"]
[WhiteElo "1298"]
[BlackElo "1486"]
[PlyCount "35"]
[EventDate "2018.03.24"]
[EventType "swiss"]
[EventRounds "8"]
[EventCountry "GER"]
[SourceTitle "EXT 2020"]
[Source "ChessBase"]
[SourceDate "2019.10.17"]
[SourceVersion "1"]
[SourceVersionDate "2019.10.17"]
[SourceQuality "1"]

1. e4 e5 2. Nf3 d6 3. Bc4 Be7 4. 0-0 Nf6 5. c3 c6 6. Re1 Qc7 7. d4 h6 8. Bb3 Nbd7 9. Qd3 0-0 10. h3 b6 11. Nh2 d5 12. exd5 e4 13. Qc4 Bd6 14. Nf1 cxd5 15. Qxc7 Bxc7 16. Ne3 Bb7 17. Nd2 Rad8 18. Bc2 1/2-1/2